000 00368nam a2200121Ia 4500
008 220204s9999 xx 000 0 und d
082 _a338.433
_bVAS
100 _aVaswani, L K
245 0 _aAgriculture-market linkages: Evaluating and evolving a conceptual framework in Indian context
260 _aMumbai
_bNABARD
_c2003
490 _aOccasional paper 28
942 _cBK
999 _c44096
_d44096